000 00862nam a22002297a 4500
005 20110819110423.0
008 110819t xxu||||| |||| 00| 0 eng d
010 _aENG-103533
020 _a9788190327220
_c250.00
035 _aEN-87066
037 _bDBAD/PUB
040 _aDPL
_bEng
082 _a339.5
100 _aBhaduri, Amit
_933143
245 _aMacroeconomic theory and policy :
_bcritical essays on the dynamics of capitalism /
_cby Amit Bhaduri
260 _aKolkata
_bSetu Prakashani
_c2010
270 _a12/A, Shankar Ghosh Lane,
_bKolkata
_e700006
300 _a240p.
_b21cm (pbk)
500 _aIncludes bibliographical references
942 _2ddc
_cEN
_h339.5
_mBHA
999 _c55660
_d55660